000
00294nam a2200109Ia 4500
008
200302s9999 xx 000 0 und d
100
_a
John E. Ball
245
_a
Light Construction Techniques from Foundation To Finish
260
_b
Reston Publishing Company
260
_c
1989
300
_a
408 P.,
999
_c
2264
_d
2264